[Event "Benidorm op U2300 06th"]
[Site "Benidorm"]
[Date "2007.12.02"]
[Round "3"]
[White "Minaya Molano, Juan M"]
[Black "Navarro Perez, Manuel"]
[Result "1-0"]
[WhiteElo "2244"]
[BlackElo "2158"]
[PlyCount "42"]
[EventDate "2007.11.30"]
[EventType "swiss"]
[EventRounds "9"]
[EventCountry "ESP"]
[SourceTitle "CBM 121 Extra"]
[Source "ChessBase"]
[SourceDate "2008.01.10"]
[SourceVersion "1"]
[SourceVersionDate "2008.01.10"]
[SourceQuality "1"]

1. Nf3 Nf6 2. c4 g6 3. Nc3 Bg7 4. e4 d6 5. d4 0-0 6. Be2 c5 7. d5 a5 8. Nd2 Ne8 9. h4 f5 10. h5 f4 11. hxg6 hxg6 12. Bg4 Na6 13. Bxc8 Qxc8 14. Nf3 Qg4 15. b3 Nf6 16. Ba3 Kf7 17. Qe2 Rh8 18. 0-0-0 Rxh1 19. Rxh1 Rh8 20. Rxh8 Bxh8 21. e5 Nb4 1-0

[Event "Fincas Mediterranea 2nd"]
[Site "Castelldefels"]
[Date "2005.08.23"]
[Round "7"]
[White "Marin, Irina Luiza"]
[Black "Navarro Perez, Manuel"]
[Result "1-0"]
[WhiteElo "2261"]
[BlackElo "2075"]
[PlyCount "61"]
[EventDate "2005.08.17"]
[EventType "swiss"]
[EventRounds "9"]
[EventCountry "ESP"]
[SourceTitle "CBM 107 Extra"]
[Source "ChessBase"]
[SourceDate "2005.09.01"]
[SourceVersion "1"]
[SourceVersionDate "2005.09.01"]
[SourceQuality "1"]

1. c4 e5 2. g3 Nc6 3. Bg2 f5 4. Nc3 Nf6 5. a3 a5 6. Rb1 Bc5 7. e3 e4 8. d4 exd3 9. Qxd3 Ne5 10. Qxf5 d6 11. Qc2 0-0 12. Nf3 Nfg4 13. Nxe5 Nxe5 14. b4 Bf5 15. Ne4 axb4 16. axb4 Bb6 17. 0-0 Qe7 18. Bb2 c6 19. c5 Bc7 20. cxd6 Bxd6 21. Rbd1 Nf7 22. Qb3 Bxe4 23. Bxe4 Bxb4 24. Bf5 Rad8 25. Rxd8 Rxd8 26. Be6 Kf8 27. Bxf7 Qxf7 28. Qxb4+ Kg8 29. Qc3 Rc8 30. Ra1 b5 31. e4 1-0

[Event "Fincas Mediterranea 1st"]
[Site "Castelldefels"]
[Date "2004.08.21"]
[Round "4"]
[White "Hernando Rodrigo, Julio Antonio"]
[Black "Navarro Perez, Manuel"]
[Result "1-0"]
[WhiteElo "2362"]
[BlackElo "2075"]
[PlyCount "55"]
[EventDate "2004.08.18"]
[EventType "swiss"]
[EventRounds "9"]
[EventCountry "ESP"]
[SourceTitle "EXT 2005"]
[Source "ChessBase"]
[SourceDate "2004.11.15"]
[SourceVersion "1"]
[SourceVersionDate "2004.11.15"]
[SourceQuality "1"]

1. d4 Nf6 2. c4 e6 3. Nf3 d5 4. Nc3 b6 5. cxd5 Nxd5 6. e4 Nxc3 7. bxc3 c5 8. Bb5+ Bd7 9. Bd3 Nc6 10. 0-0 Na5 11. Ne5 Bd6 12. Nxd7 Qxd7 13. e5 Be7 14. Qg4 g6 15. Bh6 0-0-0 16. Qf3 Kc7 17. Rab1 c4 18. Be4 Bf8 19. Bf4 Kc8 20. Rfd1 Qc7 21. d5 h6 22. d6 Qd7 23. Rb4 g5 24. Bg3 h5 25. Rxc4+ Nxc4 26. Bc6 h4 27. Bxd7+ Kxd7 28. Qxf7+ 1-0

[Event "Fincas Mediterranea 1st"]
[Site "Castelldefels"]
[Date "2004.08.20"]
[Round "3"]
[White "Navarro Perez, Manuel"]
[Black "Marholev, Dimitar"]
[Result "1/2-1/2"]
[WhiteElo "2075"]
[BlackElo "2392"]
[PlyCount "102"]
[EventDate "2004.08.18"]
[EventType "swiss"]
[EventRounds "9"]
[EventCountry "ESP"]
[SourceTitle "EXT 2005"]
[Source "ChessBase"]
[SourceDate "2004.11.15"]
[SourceVersion "1"]
[SourceVersionDate "2004.11.15"]
[SourceQuality "1"]

1. e4 e5 2. Nf3 Nc6 3. Bb5 a6 4. Ba4 Nf6 5. 0-0 Be7 6. Re1 b5 7. Bb3 d6 8. h3 Na5 9. c3 Nxb3 10. Qxb3 0-0 11. d4 Bb7 12. Nbd2 exd4 13. cxd4 c5 14. a4 c4 15. Qc2 Re8 16. axb5 axb5 17. Rxa8 Qxa8 18. d5 Bd8 19. Nd4 Bxd5 20. Nxb5 Nxe4 21. Nc3 Nf6 22. Rxe8+ Nxe8 23. Nxd5 Qxd5 24. Qxc4 Qe6 25. Kf1 d5 26. Qe2 Bb6 27. Nf3 Nf6 28. Qxe6 fxe6 29. Ne5 Kf8 30. Ke2 Ke7 31. Be3 Bc7 32. Bc5+ Kd8 33. Bd4 Ne4 34. b4 Nd6 35. Nd3 g6 36. Bf6+ Ke8 37. Nc5 Kf7 38. Be5 Nb5 39. Bxc7 Nxc7 40. f4 Ke7 41. Nb3 Nb5 42. Kd3 Kd6 43. Nd4 Nxd4 44. Kxd4 Kc6 45. g4 Kb5 46. f5 exf5 47. gxf5 gxf5 48. Kxd5 Kxb4 49. Ke5 Kc5 50. Kxf5 Kd6 51. Kf6 h5 1/2-1/2

[Event "Barcelona op-A"]
[Site "Barcelona"]
[Date "2003.??.??"]
[Round "4"]
[White "Perez Pastora, Evaristo"]
[Black "Navarro Perez, Manuel"]
[Result "1-0"]
[WhiteElo "2157"]
[BlackElo "2096"]
[PlyCount "65"]
[EventDate "2003.04.??"]
[EventType "swiss"]
[EventRounds "7"]
[EventCountry "ESP"]
[SourceTitle "EXT 2010"]
[Source "ChessBase"]
[SourceDate "2010.11.25"]
[SourceVersion "1"]
[SourceVersionDate "2010.11.25"]
[SourceQuality "1"]

1. e4 d6 2. d4 Nf6 3. Nc3 g6 4. Bg5 Bg7 5. e5 Nfd7 6. exd6 cxd6 7. Qd2 Nc6 8. Nf3 0-0 9. 0-0-0 Re8 10. Be2 Qa5 11. Rhe1 a6 12. Kb1 b5 13. Nd5 b4 14. Bc4 Nb6 15. Nxb6 Qxb6 16. Qf4 Bf5 17. g4 e5 18. Qg3 Be6 19. Bxe6 fxe6 20. dxe5 Nxe5 21. Nxe5 Bxe5 22. f4 Bg7 23. Qb3 h6 24. Rxe6 Rxe6 25. Qxe6+ Kh7 26. Bf6 Rf8 27. Bxg7 Kxg7 28. f5 Rf6 29. Qe7+ Rf7 30. f6+ Kg8 31. Qe8+ Rf8 32. Qxg6+ Kh8 33. Qg7# 1-0

[Event "Barcelona op-A"]
[Site "Barcelona"]
[Date "2003.??.??"]
[Round "6"]
[White "Walter Travella, German"]
[Black "Navarro Perez, Manuel"]
[Result "1-0"]
[WhiteElo "2087"]
[BlackElo "2096"]
[PlyCount "47"]
[EventDate "2003.04.??"]
[EventType "swiss"]
[EventRounds "7"]
[EventCountry "ESP"]
[SourceTitle "EXT 2010"]
[Source "ChessBase"]
[SourceDate "2010.11.25"]
[SourceVersion "1"]
[SourceVersionDate "2010.11.25"]
[SourceQuality "1"]

1. e4 d6 2. d4 Nf6 3. Nc3 g6 4. f4 Bg7 5. Be2 c6 6. Nf3 Qc7 7. 0-0 0-0 8. Qe1 Bg4 9. Qh4 Bxf3 10. Rxf3 e5 11. fxe5 dxe5 12. Rxf6 exd4 13. Bf4 Qd8 14. e5 dxc3 15. bxc3 Nd7 16. Rd1 Qe7 17. Bg5 h6 18. Rxf7 Qc5+ 19. Rf2 hxg5 20. Bc4+ Rf7 21. Bxf7+ Kf8 22. Bxg6+ Bf6 23. Qh8+ Ke7 24. exf6+ 1-0